| 000 | 00393nam a2200145 a 4500 | ||
|---|---|---|---|
| 001 | 2766 | ||
| 003 | CDMR | ||
| 005 | 20130325122311.0 | ||
| 008 | 130130s2005||||||||||||||||||||||||||||d | ||
| 040 |
_aCDMR _bcat _cCPC LLEIDA |
||
| 110 | 2 |
_aLe Monde Diplomatique _92081 |
|
| 245 | 1 | 0 |
_aMedios de comunicación en crisis _cLe Monde diplomatique |
| 260 |
_aValència _c2005 _bCubermonde |
||
| 942 |
_cMON _2udc |
||
| 999 |
_c2766 _d2766 |
||